Soziologische Stichworte : Ein Handbuch

Αποθηκεύτηκε σε:
Λεπτομέρειες βιβλιογραφικής εγγραφής
Κύριος συγγραφέας: Boudon, Raymond
Άλλοι συγγραφείς: Bourricaud, Francois
Μορφή: Βιβλίο
Γλώσσα:German
Δημοσίευση: Opladen : Westdeutscher, 1992
Θέματα:
Ετικέτες: Προσθήκη ετικέτας
Δεν υπάρχουν, Καταχωρήστε ετικέτα πρώτοι!

MARC

LEADER 00000nam a2200000 i 4500
001 1/104518
008 000314s1992 ger d
020 |a 3-531-11675-4 
035 |l 10058868 
040 |a GR-MY-UA  |b gre  |e aacr 
041 0 |a ger 
082 0 |a Π 301.03 
100 1 |a Boudon, Raymond. 
245 1 0 |a Soziologische Stichworte :  |b Ein Handbuch /  |c Raymond Boudon, Francois Bourricaud 
260 |a Opladen :   |b Westdeutscher,   |c 1992 
300 |a 680 p. 
650 0 0 |a Sociology  |x Dictionaries  |x French. 
700 1 |a Bourricaud, Francois. 
852 |a INST  |b RHODES  |e 20000314  |h 301.03 BOU  |p 005400005308  |q 005400005308  |t REF  |y 23 
901 |a BIBL4-2000-1 
909 |a Ρ  |b 040871 
922 |a 4ΕΛΗ  |b 199504  |c ΦΙΟΡΑΒΑΝΤΕΣ  |d ΚΩΣΤΑΡΑΚΗΣ 
970 |a ΚΟΥΛΑΚΙΟΤΗ  |b ΛΙΤΣΑ  |z 2000/03/14